书目信息 |
| 题名: |
幼儿园社会体验课程设计22例
|
|
| 作者: | 李丽丽 主编 | |
| 分册: | ||
| 出版信息: | 上海 复旦大学出版社 2019.11 |
|
| 页数: | 247页 | |
| 开本: | 26cm | |
| 丛书名: | ||
| 单 册: | ||
| 中图分类: | G613.3 | |
| 科图分类: | ||
| 主题词: | 社会科学课--课程设计--学前教育 | |
| 电子资源: | ||
| ISBN: | 978-7-309-14340-9 | |
| 000 | 01066nam0 2200253 450 | |
| 001 | 0103152653 | |
| 005 | 20201103152731.0 | |
| 010 | @a978-7-309-14340-9@dCNY65.00 | |
| 100 | @a20200713d2019 em y0chiy50 ea | |
| 101 | 0 | @achi |
| 102 | @aCN@b310000 | |
| 105 | @aak z 000yy | |
| 106 | @ar | |
| 200 | 1 | @a幼儿园社会体验课程设计22例@Ayou er yuan she hui ti yan ke cheng she ji 22 li@e“小钟娃”社会体验课程构建@f李丽丽主编 |
| 210 | @a上海@c复旦大学出版社@d2019.11 | |
| 215 | @a247页@c彩图@d26cm | |
| 300 | @a全国幼儿园特色课程系列 | |
| 330 | @a本书从理论层面上阐述了“小钟娃”社会体验课程构建的几大要素即课程开发背景、课程核心理念、课程目标、课程内容、课程实施、课程评价等。从实践层面上介绍了四个板块的社会体验活动实施途径即生活浸润、绘本悦享、游戏畅玩、基地体验,呈现了大量教学案例。 | |
| 517 | 1 | @a“小钟娃”社会体验课程构建@A“xiao zhong wa”she hui ti yan ke cheng gou jian |
| 606 | 0 | @a社会科学课@x课程设计@x学前教育 |
| 690 | @aG613.3@v5 | |
| 701 | 0 | @a李丽丽@Ali li li@4主编 |
| 801 | 0 | @aCN@bBJSZM@c20201103 |
| 905 | @b1256896-900@dG613.3@e1077@f5 | |
| 幼儿园社会体验课程设计22例:“小钟娃”社会体验课程构建/李丽丽主编.-上海:复旦大学出版社,2019.11 |
| 247页:彩图;26cm |
| 全国幼儿园特色课程系列 |
| ISBN 978-7-309-14340-9:CNY65.00 |
| 本书从理论层面上阐述了“小钟娃”社会体验课程构建的几大要素即课程开发背景、课程核心理念、课程目标、课程内容、课程实施、课程评价等。从实践层面上介绍了四个板块的社会体验活动实施途径即生活浸润、绘本悦享、游戏畅玩、基地体验,呈现了大量教学案例。 |
| ● |
| 相关链接 |
|
|
|
|
正题名:幼儿园社会体验课程设计22例
索取号:G613.3/1077
 
预约/预借
| 序号 | 登录号 | 条形码 | 馆藏地/架位号 | 状态 | 备注 |
| 1 | 1256896 | 212568960 | 第一样本阅览室/ [索取号:G613.3/1077] | 在馆 | |
| 2 | 1256897 | 212568979 | 教育系资料室/ [索取号:G613.3/1077] | 在馆 | |
| 3 | 1256898 | 212568988 | 教育系资料室/ [索取号:G613.3/1077] | 在馆 | |
| 4 | 1256899 | 212568997 | 第四借阅区/ [索取号:G613.3/1077] | 在馆 | |
| 5 | 1256900 | 212569004 | 第四借阅区/ [索取号:G613.3/1077] | 在馆 |